[Event "Sparkassen-Open A"]
[Site "Heusenstamm, Martinsee"]
[Date "2016.11.27"]
[Round "4.31"]
[White "Engel, Berthold"]
[Black "Kalepky, Helmut"]
[Result "1-0"]
[WhiteElo "2153"]
[BlackElo "2019"]
[PlyCount "61"]
[EventDate "2016.??.??"]
[WhiteTeam "BG Buchen"]
[BlackTeam "SF Heidesheim"]

1. e4 e5 2. Nf3 Nc6 3. Bb5 a6 4. Bxc6 dxc6 5. d4 exd4 6. Qxd4 Bg4 7. Qe3 Bb4+
8. Bd2 Qe7 9. O-O Bxf3 10. Qxf3 Bxd2 11. Nxd2 Nf6 12. Qc3 O-O-O 13. Rfe1 g5 14.
Qe3 Kb8 15. Nf1 Qe5 16. c3 Rhg8 17. f3 h5 18. Rad1 Rde8 19. Nd2 h4 20. h3 Nh5
21. Nf1 Rd8 22. Rd2 Rd6 23. Red1 Rgd8 24. Qf2 Nf4 25. Rxd6 Rxd6 26. Rd2 f6 27.
Ne3 Qb5 28. b3 Qc5 29. Nc4 Ne2+ 30. Rxe2 Rd1+ 31. Kh2 1-0

[Event "Sparkassen-Open A"]
[Site "Heusenstamm, Martinsee"]
[Date "2016.11.27"]
[Round "4.32"]
[White "Tornay Gomez, Josu"]
[Black "Stork, Oliver"]
[Result "1/2-1/2"]
[WhiteElo "2121"]
[BlackElo "2017"]
[PlyCount "89"]
[EventDate "2016.??.??"]
[WhiteTeam "SC Herborn"]
[BlackTeam "SV Oberursel"]

1. e4 c6 2. d4 d5 3. e5 Bf5 4. Nf3 e6 5. Be2 Ne7 6. O-O Nd7 7. Nbd2 c5 8. c4
Nc6 9. Nb3 Be7 10. dxc5 dxc4 11. Bxc4 Nxc5 12. Nbd4 Be4 13. Nxc6 Bxc6 14. Nd4
Qd7 15. Be3 O-O 16. Qg4 Rfd8 17. b4 b5 18. Be2 Nb7 19. Rac1 Rdc8 20. Nxc6 Rxc6
21. Bxb5 Nd8 22. Rxc6 Nxc6 23. Rc1 Nxe5 24. Qc4 Qd5 25. Qxd5 exd5 26. Bc5 Rc8
27. Kf1 a5 28. a3 axb4 29. axb4 g6 30. f4 Nc6 31. Bxe7 Nxe7 32. Rxc8+ Nxc8 33.
Ke2 Kf8 34. Ke3 Ke7 35. Kd4 Kd6 36. Be2 Ne7 37. g4 Nc6+ 38. Kc3 Nd8 39. Kd4
Nc6+ 40. Kc3 Nd8 41. Kd3 Nc6 42. b5 Nd8 43. Kd4 Ne6+ 44. Ke3 Kc5 45. f5 1/2-1/2

[Event "Sparkassen-Open A"]
[Site "Heusenstamm, Martinsee"]
[Date "2016.11.27"]
[Round "4.33"]
[White "Chandler, Patrick"]
[Black "Schmieder, Stefan"]
[Result "1-0"]
[WhiteElo "2107"]
[BlackElo "1821"]
[PlyCount "49"]
[EventDate "2016.??.??"]
[WhiteTeam "SC Nied"]
[BlackTeam "SC Bad Soden"]

1. e4 c5 2. Nf3 e6 3. b3 d6 4. d4 cxd4 5. Nxd4 Nf6 6. Bd3 Nc6 7. Bb2 Qa5+ 8.
Bc3 Qc7 9. O-O Be7 10. Nd2 a6 11. Ne2 b5 12. a4 b4 13. Bb2 O-O 14. c4 Nd7 15.
Ng3 Bf6 16. Qb1 Bxb2 17. Qxb2 Nc5 18. Bc2 e5 19. Nf5 Bxf5 20. exf5 Nd4 21. Ne4
Nxe4 22. Bxe4 Ra7 23. Rae1 f6 24. Re3 Kf7 25. Qxd4 1-0

[Event "Sparkassen-Open A"]
[Site "Heusenstamm, Martinsee"]
[Date "2016.11.27"]
[Round "4.34"]
[White "Köllner, Ruben Gideon"]
[Black "Karsay, Pascal"]
[Result "1-0"]
[WhiteElo "1979"]
[BlackElo "2099"]
[PlyCount "129"]
[EventDate "2016.??.??"]
[WhiteTeam "SG Bochum"]
[BlackTeam "Vorw.Orient Mainz"]

1. d4 Nf6 2. Nf3 e6 3. Bf4 c5 4. e3 d5 5. c3 Nc6 6. Bd3 Bd6 7. Bxd6 Qxd6 8. O-O
O-O 9. Nbd2 b6 10. e4 cxd4 11. cxd4 dxe4 12. Nxe4 Nxe4 13. Bxe4 Ba6 14. Re1
Rac8 15. d5 exd5 16. Bxd5 Rfd8 17. Re8+ Rxe8 18. Bxf7+ Kxf7 19. Qxd6 Kg8 20.
Qd5+ Kh8 21. Ng5 Ne5 22. f4 Bc4 23. Qd4 Nf7 24. Nxf7+ Bxf7 25. Qd7 Kg8 26. Qd2
Rcd8 27. Qf2 Bc4 28. Qc2 b5 29. Rd1 Rxd1+ 30. Qxd1 Bxa2 31. b3 Rc8 32. Qd5+ Kh8
33. Qxb5 h6 34. Qa4 Rc1+ 35. Kf2 Rc2+ 36. Ke1 Rxg2 37. Qe8+ Kh7 38. Qe4+ Rg6
39. h4 h5 40. Qc2 Bxb3 41. Qxb3 Rg4 42. Qc2+ Kh6 43. Qc6+ Kh7 44. Qc2+ Kh6 45.
Qf2 Rg6 46. Qxa7 Kh7 47. Qc5 Rh6 48. Qe5 Kg6 49. Qe6+ Kh7 50. Qe8 Rb6 51. Qxh5+
Kg8 52. Qe8+ Kh7 53. Kf2 Rd6 54. Kf3 Rb6 55. Kg4 Rd6 56. Qh5+ Kg8 57. Qe5 Rb6
58. Qd4 Rg6+ 59. Kf5 Rh6 60. Kg5 Kf7 61. Qd7+ Kg8 62. f5 Rf6 63. Qe6+ Rf7 64.
Kg6 Kh8 65. Qe8+ 1-0

[Event "Sparkassen-Open A"]
[Site "Heusenstamm, Martinsee"]
[Date "2016.11.27"]
[Round "4.36"]
[White "Bittner, Peter"]
[Black "Clitan, Zaharia"]
[Result "0-1"]
[WhiteElo "1922"]
[BlackElo "2083"]
[PlyCount "44"]
[EventDate "2016.??.??"]
[WhiteTeam "SC Nied"]
[BlackTeam "SC Flörsheim"]

1. b3 e5 2. Bb2 Nc6 3. e4 Nf6 4. d3 d5 5. exd5 Nxd5 6. Nf3 Bd6 7. Be2 O-O 8.
O-O Nf4 9. Nbd2 Bg4 10. Nc4 Qe7 11. Ne3 Bh5 12. Nf5 Qd7 13. Ng3 Bg4 14. Bc1
Nxe2+ 15. Nxe2 Bxf3 16. gxf3 Qh3 17. Ng3 f5 18. c3 Rf6 19. Kh1 f4 20. Rg1 fxg3
21. Rxg3 Qh5 22. Qg1 Qf7 0-1

[Event "Sparkassen-Open A"]
[Site "Heusenstamm, Martinsee"]
[Date "2016.11.27"]
[Round "4.37"]
[White "Hohlbein, Michael"]
[Black "Schimmer, Michael"]
[Result "1-0"]
[WhiteElo "2076"]
[BlackElo "1815"]
[PlyCount "63"]
[EventDate "2016.??.??"]
[WhiteTeam "SK Marmstorf"]
[BlackTeam "SC Frankfurt-West"]

1. e4 d6 2. d4 Nf6 3. Nc3 g6 4. f4 Bg7 5. a3 O-O 6. Nf3 Bg4 7. h3 Bxf3 8. Qxf3
Nc6 9. Be3 e5 10. dxe5 dxe5 11. f5 Nd4 12. Qf2 Qd6 13. O-O-O c5 14. g4 Qc6 15.
Bg2 Rfd8 16. g5 Ne8 17. Nd5 Rd7 18. Rdf1 Nd6 19. Nf6+ Bxf6 20. gxf6 Nxe4 21.
Qh4 Qxf6 22. Qxe4 Ne2+ 23. Kb1 Ng3 24. Qg4 Nxf1 25. Rxf1 h5 26. Qg3 Rad8 27.
Bg5 Rd1+ 28. Ka2 Qa6 29. Bxd8 Rxd8 30. fxg6 fxg6 31. Qxe5 Qc4+ 32. Kb1 1-0

[Event "Sparkassen-Open A"]
[Site "Heusenstamm, Martinsee"]
[Date "2016.11.27"]
[Round "4.38"]
[White "Pfeffer, Marko"]
[Black "Papadopoulos, Ioannis"]
[Result "1-0"]
[WhiteElo "2071"]
[BlackElo "1755"]
[PlyCount "137"]
[EventDate "2016.??.??"]
[WhiteTeam "SC Bergen-Enkheim"]
[BlackTeam "SV Oberursel"]

1. e4 c5 2. b3 e6 3. Bb2 b6 4. g3 Bb7 5. Bg2 Nc6 6. Ne2 a6 7. O-O d6 8. c4 Nf6
9. d4 cxd4 10. Nxd4 Nxd4 11. Qxd4 Be7 12. Nc3 O-O 13. Rad1 Qc7 14. Rfe1 Rfd8
15. Rc1 Rac8 16. Na4 Bc6 17. Qxb6 Bxa4 18. Qxc7 Rxc7 19. bxa4 Rdc8 20. Bf1 Nd7
21. Bd4 Nc5 22. a5 Bd8 23. Rb1 Rb7 24. Rxb7 Nxb7 25. Bb6 Rb8 26. Rd1 Be7 27. f4
h6 28. Kf2 Nc5 29. Ke3 Rb7 30. Bg2 e5 31. Bh3 Na4 32. Bc8 Rb8 33. Bxa6 Nxb6 34.
axb6 Rxb6 35. Bb5 exf4+ 36. gxf4 Bf6 37. Rd3 Be7 38. a4 Rb7 39. Kd4 Bd8 40. Kd5
Bc7 41. Kc6 Ra7 42. Rxd6 Bxd6 43. Kxd6 Ra8 44. c5 Kf8 45. Bd7 Ra6+ 46. c6 g6
47. e5 h5 48. h4 Rxa4 49. c7 Rd4+ 50. Kc5 Rxd7 51. c8=Q+ Ke7 52. Qh8 Rc7+ 53.
Kb6 Rd7 54. Qf6+ Kf8 55. f5 gxf5 56. Qxf5 Re7 57. Qxh5 Re6+ 58. Kc7 Re7+ 59.
Kd6 Re6+ 60. Kd5 Kg7 61. Qf5 Ra6 62. h5 Rb6 63. Qg5+ Kh7 64. Qe7 Kg7 65. Qd6
Rb5+ 66. Kc4 Rb1 67. Qf6+ Kg8 68. Qg5+ Kh8 69. h6 1-0

[Event "Sparkassen-Open A"]
[Site "Heusenstamm, Martinsee"]
[Date "2016.11.27"]
[Round "4.40"]
[White "Khudovekov, Maxim"]
[Black "Wanie, Karsten"]
[Result "1-0"]
[WhiteElo "1908"]
[BlackElo "2145"]
[PlyCount "43"]
[EventDate "2016.??.??"]
[WhiteTeam "SK Smolensk"]
[BlackTeam "SC Matt im Park"]

1. f4 d5 2. Nf3 Bg4 3. g3 Bxf3 4. exf3 e6 5. d4 c5 6. Bh3 g6 7. O-O Nc6 8. dxc5
Bxc5+ 9. Kh1 Nge7 10. Re1 h5 11. Nd2 Nf5 12. c4 h4 13. g4 Ne3 14. Qb3 Nxc4 15.
Nxc4 dxc4 16. Qxb7 Nd4 17. Be3 Rb8 18. Qe4 Qb6 19. f5 g5 20. Rad1 Rd8 21. Bxg5
Rd7 22. Qa8+ 1-0

[Event "Sparkassen-Open A"]
[Site "Heusenstamm, Martinsee"]
[Date "2016.11.27"]
[Round "4.41"]
[White "Chirita-Mihaila, Marius-Constant"]
[Black "Diez, Gerhard"]
[Result "1/2-1/2"]
[WhiteElo "2148"]
[BlackElo "2016"]
[PlyCount "51"]
[EventDate "2016.??.??"]
[WhiteTeam "CSS 1 Timisoara"]
[BlackTeam "SC Bad Nauheim"]

1. c4 Nf6 2. g3 e5 3. Bg2 d5 4. cxd5 Nxd5 5. Nf3 Nc6 6. d4 exd4 7. O-O Be7 8.
Nxd4 Nxd4 9. Qxd4 Nf6 10. Qa4+ Qd7 11. Qc2 c6 12. Nc3 O-O 13. e4 Ng4 14. Bf4
Qe6 15. Rad1 g5 16. Bc1 Qh6 17. h3 Ne5 18. g4 Be6 19. Ne2 Bc4 20. b3 Ba6 21.
Rfe1 Rad8 22. Nd4 Bb4 23. Nf5 Qf6 24. Rxd8 Rxd8 25. Rd1 Bd3 26. Qb2 1/2-1/2

[Event "Sparkassen-Open A"]
[Site "Heusenstamm, Martinsee"]
[Date "2016.11.27"]
[Round "4.42"]
[White "Hahn, Florian"]
[Black "Rettig, Helge"]
[Result "1-0"]
[WhiteElo "2139"]
[BlackElo "2004"]
[PlyCount "65"]
[EventDate "2016.??.??"]
[WhiteTeam "SC Herborn"]
[BlackTeam "SF Verl"]

1. Nf3 Nf6 2. c4 e6 3. g3 b6 4. Bg2 Bb7 5. O-O Be7 6. Nc3 O-O 7. b3 Ne4 8. Bb2
Bf6 9. d4 c5 10. Qd3 Nxc3 11. Bxc3 Qc8 12. e4 Nc6 13. e5 cxd4 14. exf6 dxc3 15.
fxg7 Kxg7 16. Qxc3+ f6 17. Rad1 Ne7 18. Rfe1 d5 19. Bh3 Nf5 20. Bxf5 exf5 21.
Nd4 dxc4 22. Ne6+ Kg8 23. Nxf8 Qc6 24. Qxc4+ Kxf8 25. Qxc6 Bxc6 26. Rd6 Be4 27.
Rxf6+ Kg8 28. Rd6 Rc8 29. Rd2 a5 30. g4 b5 31. gxf5 Bxf5 32. Re5 Bh3 33. f3 1-0

[Event "Sparkassen-Open A"]
[Site "Heusenstamm, Martinsee"]
[Date "2016.11.27"]
[Round "4.43"]
[White "Werner, Dimo"]
[Black "Köllner, Christof"]
[Result "0-1"]
[WhiteElo "2035"]
[BlackElo "2138"]
[PlyCount "132"]
[EventDate "2016.??.??"]
[WhiteTeam "TSV Schott Mainz"]
[BlackTeam "SV Bergneustadt/Derschlag"]

1. d4 d6 2. e4 Nf6 3. Nc3 e5 4. Nge2 exd4 5. Nxd4 Be7 6. Be2 O-O 7. O-O Re8 8.
Re1 a6 9. a4 c5 10. Nf3 Nc6 11. h3 Nb4 12. Bf4 Bf8 13. Bc4 Be6 14. Bxe6 Rxe6
15. Bg5 h6 16. Bxf6 Qxf6 17. Rb1 Rae8 18. Nd5 Qd8 19. Nxb4 cxb4 20. Qd4 Qa5 21.
b3 Rc8 22. Qd2 g6 23. Re2 Qc5 24. Rd1 Rce8 25. Nd4 Rxe4 26. Rxe4 Rxe4 27. Qd3
Re8 28. Nf3 Rc8 29. Rd2 h5 30. Re2 Bg7 31. g3 Bf6 32. h4 Kg7 33. Kg2 d5 34. Kh2
d4 35. Qe4 Rc7 36. Ne1 Qd6 37. Nd3 Re7 38. Qf3 Rxe2 39. Qxe2 Bxh4 40. Qe4 Be7
41. Qxb7 h4 42. Kg2 hxg3 43. fxg3 a5 44. Qe4 Bf6 45. Nb2 Qc5 46. Nc4 Qh5 47.
Qf3 Qg5 48. Nd6 Qe5 49. Nc4 Qc5 50. Qe4 Bd8 51. Nd2 Bc7 52. Nf3 Bb6 53. Qe5+ f6
54. Qxc5 Bxc5 55. Nd2 Bd6 56. g4 f5 57. gxf5 gxf5 58. Kf3 Kf6 59. Nc4 Bc7 60.
Nd2 Ke5 61. Nc4+ Kd5 62. Nd2 d3 63. cxd3 Kd4 64. Ke2 Kc3 65. Ke3 Bd8 66. Ke2 f4
0-1

[Event "Sparkassen-Open A"]
[Site "Heusenstamm, Martinsee"]
[Date "2016.11.27"]
[Round "4.44"]
[White "Rutsatz, Mario"]
[Black "Schröder, Jürgen"]
[Result "0-1"]
[WhiteElo "1956"]
[BlackElo "2108"]
[PlyCount "114"]
[EventDate "2016.??.??"]
[WhiteTeam "SF Frankfurt"]
[BlackTeam "SC Matt im Park"]

1. c4 g6 2. Nc3 Bg7 3. Nf3 d6 4. g3 c6 5. Bg2 Nd7 6. O-O Ngf6 7. d3 O-O 8. Rb1
a5 9. a3 d5 10. cxd5 Nxd5 11. Bd2 N7f6 12. Na4 e6 13. e4 Nb6 14. Nc5 Nbd7 15.
Nxd7 Qxd7 16. Ne5 Qc7 17. Bc3 Nxe4 18. dxe4 Bxe5 19. Bxe5 Qxe5 20. f4 Qc7 21.
Qc2 b6 22. e5 Bb7 23. Rbc1 c5 24. b4 axb4 25. axb4 Bxg2 26. Qxg2 c4 27. Rfd1
Rfd8 28. Rd6 Rac8 29. Qd2 Rxd6 30. exd6 Qc6 31. Qd4 Rd8 32. Rxc4 Qxd6 33. Qxd6
Rxd6 34. Kf2 Kg7 35. Ke3 Kf6 36. g4 g5 37. Re4 Rd5 38. Rc4 Rd6 39. Ke2 Kg6 40.
Ke3 Rd5 41. f5+ exf5 42. Rc6+ f6 43. gxf5+ Kxf5 44. Rxb6 h5 45. Rb8 Rd1 46. Kf3
Rd3+ 47. Kf2 Kf4 48. Rb6 f5 49. h4 g4 50. Rh6 Rb3 51. Rxh5 Rxb4 52. Rg5 Rb2+
53. Kf1 Rh2 54. Rh5 g3 55. Kg1 Ke4 56. Rh8 Kf3 57. Rh5 f4 0-1

[Event "Sparkassen-Open A"]
[Site "Heusenstamm, Martinsee"]
[Date "2016.11.27"]
[Round "4.45"]
[White "Khudovekov, Stanislav"]
[Black "Krastev, Alexander"]
[Result "1/2-1/2"]
[WhiteElo "2104"]
[BlackElo "1981"]
[PlyCount "113"]
[EventDate "2016.??.??"]
[WhiteTeam "SK Smolensk"]
[BlackTeam "Biebertaler SF"]

1. c4 c5 2. g3 Nc6 3. Bg2 g6 4. Nc3 Bg7 5. Nf3 e6 6. d3 Nge7 7. Bg5 h6 8. Bd2
O-O 9. a3 d5 10. Rb1 a5 11. Qc1 Kh7 12. Qc2 b6 13. O-O Bb7 14. Na4 Rb8 15. b4
axb4 16. axb4 dxc4 17. dxc4 Nd4 18. Nxd4 cxd4 19. Rfd1 Bxg2 20. Kxg2 Qc7 21. c5
b5 22. Nb2 e5 23. e3 Nc6 24. e4 f5 25. f3 Qf7 26. Rf1 Ra8 27. Qd3 Rfb8 28. Ra1
fxe4 29. Qxe4 Rxa1 30. Rxa1 Qb3 31. Nd3 Qc2 32. Qe2 Ne7 33. Kf2 Nd5 34. Be1
Qxe2+ 35. Kxe2 Re8 36. Nf2 e4 37. Rc1 d3+ 38. Kf1 d2 39. Bxd2 e3 40. Be1 exf2
41. Bxf2 Nxb4 42. Rb1 Nd3 43. Rxb5 Nxf2 44. Kxf2 Bd4+ 45. Kf1 Rc8 46. Rb7+ Kg8
47. Rb6 Kf7 48. Rb7+ Ke6 49. Rb6+ Kf5 50. g4+ Kf4 51. Rd6 Be5 52. Rxg6 Kxf3 53.
Rxh6 Rxc5 54. Rh3+ Kxg4 55. Rd3 Bxh2 56. Ke2 Bf4 57. Rd4 1/2-1/2

[Event "Sparkassen-Open A"]
[Site "Heusenstamm, Martinsee"]
[Date "2016.11.27"]
[Round "4.46"]
[White "Junker, Christian"]
[Black "Rosenberger, Frank"]
[Result "0-1"]
[WhiteElo "1954"]
[BlackElo "2104"]
[PlyCount "98"]
[EventDate "2016.??.??"]
[WhiteTeam "SV Neu-Isenburg"]
[BlackTeam "SK Gernsheim"]

1. Nf3 d5 2. g3 Bg4 3. Bg2 c6 4. d3 Nd7 5. h3 Bxf3 6. Bxf3 Ngf6 7. Nd2 e6 8.
O-O Bd6 9. a4 O-O 10. e4 Re8 11. Qe2 Qc7 12. Bg2 e5 13. Nf3 dxe4 14. dxe4 Nc5
15. Nh4 Ne6 16. c3 a5 17. Nf5 Bc5 18. Re1 Rad8 19. Bf1 Rd7 20. Qf3 Qd8 21. h4
g6 22. Ne3 h5 23. Bc4 Kg7 24. Rf1 Bb6 25. Nc2 Nc5 26. Re1 Ng4 27. Ne3 Nd3 28.
Rf1 Nf6 29. Bb3 Ree7 30. Nc4 Nxc1 31. Raxc1 Rd3 32. Qg2 Ng4 33. Bc2 Rdd7 34.
Rce1 Bc5 35. Re2 b5 36. axb5 cxb5 37. Na3 Rd2 38. Qf3 Re6 39. Nb1 Rxe2 40. Qxe2
Rf6 41. Nd2 Bxf2+ 42. Kh1 Bxg3 43. Nf3 Rf4 44. Bb3 Bxh4 45. Bd5 b4 46. c4 Be7
47. Nh2 Nxh2 48. Rxf4 exf4 49. Kxh2 Qb6 0-1

[Event "Sparkassen-Open A"]
[Site "Heusenstamm, Martinsee"]
[Date "2016.11.27"]
[Round "4.47"]
[White "Benninger, Rudolf"]
[Black "Iliev, Mustafa Batuhan"]
[Result "1-0"]
[WhiteElo "2085"]
[BlackElo "1959"]
[PlyCount "69"]
[EventDate "2016.??.??"]
[WhiteTeam "SC Heusenstamm"]
[BlackTeam "SV Großauheim"]

1. e4 c5 2. c3 d5 3. exd5 Qxd5 4. d4 Nf6 5. Nf3 e6 6. Be3 cxd4 7. cxd4 Nc6 8.
Nc3 Qd6 9. a3 Be7 10. Bd3 O-O 11. O-O b6 12. Re1 Bb7 13. Qe2 Rad8 14. Rad1 Rfe8
15. Bb1 Qb8 16. Qc2 g6 17. Ba2 Na5 18. Ne5 Nd5 19. Ne4 Nxe3 20. fxe3 Bd5 21.
Bxd5 Rxd5 22. b4 Nb7 23. Qf2 Rf8 24. Nc6 Qc7 25. Nxe7+ Qxe7 26. Nf6+ Kg7 27.
Nxd5 exd5 28. Qf3 Qe6 29. e4 Re8 30. e5 Nd8 31. Rc1 Qd7 32. Qf6+ Kg8 33. Qd6
Qxd6 34. exd6 Ne6 35. d7 1-0

[Event "Sparkassen-Open A"]
[Site "Heusenstamm, Martinsee"]
[Date "2016.11.27"]
[Round "4.48"]
[White "Everett, Elijah"]
[Black "Weil, Michael"]
[Result "1-0"]
[WhiteElo "2083"]
[BlackElo "1957"]
[PlyCount "205"]
[EventDate "2016.??.??"]
[WhiteTeam "SF Schöneck"]
[BlackTeam "SC Steinbach"]

1. e4 Nf6 2. e5 Nd5 3. d4 d6 4. c4 Nb6 5. f4 dxe5 6. fxe5 Nc6 7. Be3 Bf5 8. Nc3
e6 9. Nf3 Be7 10. d5 exd5 11. cxd5 Nb4 12. Nd4 Bd7 13. e6 fxe6 14. dxe6 Bc6 15.
Nxc6 Qxd1+ 16. Rxd1 Nc2+ 17. Kd2 Nxe3 18. Kxe3 bxc6 19. Bd3 O-O 20. Rhf1 Bg5+
21. Ke2 Rae8 22. Rxf8+ Rxf8 23. Bc2 Re8 24. Bb3 Be7 25. Rd7 Na8 26. Ne4 Kf8 27.
Kd3 Rd8 28. Rxd8+ Bxd8 29. Kd4 Be7 30. Ba4 c5+ 31. Nxc5 Bf6+ 32. Kd5 Bxb2 33.
Kc6 Ke7 34. Bb3 Bd4 35. Na6 Kd8 36. a4 Nb6 37. Nxc7 Nc8 38. Nb5 Be5 39. h3 Bg3
40. Kb7 Bf2 41. a5 Be1 42. a6 Bf2 43. Bd5 Bc5 44. Be4 h6 45. Kc6 Bf2 46. Kd5
Ne7+ 47. Ke5 Bg3+ 48. Kd4 Nc8 49. Bb7 Ne7 50. Ke3 Bh2 51. Kf2 Bb8 52. Be4 Ng8
53. Ke3 Nf6 54. Kd3 Ke7 55. Nd4 Bh2 56. Nc6+ Kxe6 57. Nxa7 Nd7 58. Kc4 Nb8 59.
Bb7 Bg1 60. Nb5 Nxa6 61. Bxa6 Bh2 62. Kd4 Kf7 63. Ke4 Kg8 64. Nd4 Bc7 65. Kf5
Bd8 66. Kg6 Bf6 67. Nf5 Kh8 68. Nxh6 Bb2 69. Nf5 Ba1 70. Kf7 Bf6 71. Bd3 Ba1
72. h4 Bb2 73. g4 Ba1 74. g5 Bb2 75. g6 Ba1 76. h5 Bb2 77. Bc4 Ba1 78. Bb5 Bb2
79. h6 gxh6 80. Nxh6 Bc3 81. Nf5 Bb2 82. g7+ Bxg7 83. Nxg7 Kh7 84. Ne6 Kh8 85.
Kg6 Kg8 86. Ng5 Kh8 87. Nf7+ Kg8 88. Kf6 Kh7 89. Bd3+ Kg8 90. Be4 Kf8 91. Bh7
Ke8 92. Ne5 Kf8 93. Nd7+ Ke8 94. Ke6 Kd8 95. Kd6 Ke8 96. Bg6+ Kd8 97. Bh5 Kc8
98. Nc5 Kd8 99. Nb7+ Kc8 100. Kc6 Kb8 101. Kb6 Ka8 102. Bg4 Kb8 103. Nc5 1-0

[Event "Sparkassen-Open A"]
[Site "Heusenstamm, Martinsee"]
[Date "2016.11.27"]
[Round "4.49"]
[White "Eggenstein, Frank"]
[Black "Vangsgaard, Freja"]
[Result "1/2-1/2"]
[WhiteElo "2077"]
[BlackElo "1948"]
[PlyCount "75"]
[EventDate "2016.??.??"]
[WhiteTeam "SV Erkenschwick"]
[BlackTeam "Vejlby-Risskov"]

1. e4 c6 2. d3 d5 3. Nd2 dxe4 4. dxe4 e5 5. Ngf3 Qc7 6. Bc4 Bg4 7. O-O Nf6 8.
a4 Be7 9. b3 O-O 10. Bb2 Nbd7 11. Re1 Bh5 12. h3 Rfe8 13. g4 Bg6 14. Nh2 Nc5
15. f3 Bd6 16. Qe2 Ne6 17. Bxe6 Rxe6 18. Nc4 Bc5+ 19. Kh1 Nd7 20. Nf1 f6 21.
Nce3 Bf7 22. Ng2 g5 23. Nfe3 h6 24. Nf5 Kh7 25. Red1 Nf8 26. Rd3 Ree8 27. Rad1
Rad8 28. Qd2 Rxd3 29. Qxd3 Kg6 30. h4 Be6 31. h5+ Kh7 32. Ne1 Bc8 33. Qc4 Ne6
34. b4 Bf8 35. Bc3 Rd8 36. Qe2 Rxd1 37. Qxd1 Qd7 38. Qxd7+ 1/2-1/2

[Event "Sparkassen-Open A"]
[Site "Heusenstamm, Martinsee"]
[Date "2016.11.27"]
[Round "4.50"]
[White "Bernhart, Joseph"]
[Black "Mährlein, Christoph"]
[Result "0-1"]
[WhiteElo "1945"]
[BlackElo "2074"]
[PlyCount "100"]
[EventDate "2016.??.??"]
[WhiteTeam "SG Kaiserslautern"]
[BlackTeam "SC Pforzheim"]

1. d4 d5 2. Bf4 c6 3. e3 e6 4. c3 Bd6 5. Bg3 f5 6. Nd2 Nf6 7. Ngf3 b6 8. Ne5
Bb7 9. Bh4 O-O 10. Bd3 Nbd7 11. f4 Qe8 12. Qe2 a6 13. h3 c5 14. g4 Ne4 15. gxf5
exf5 16. Rg1 Ndf6 17. Qg2 g6 18. Ndf3 Ra7 19. Bg5 Nxg5 20. Qxg5 Ne4 21. Qh6 Rf6
22. h4 Bf8 23. Qh5 Kh8 24. Nxg6+ Rxg6 25. Qxf5 Rxg1+ 26. Nxg1 Bg7 27. h5 Bc8
28. Qxd5 Nf6 29. Qf3 Re7 30. Kd2 Bb7 31. Qh3 Qxh5 32. Qxh5 Nxh5 33. Ne2 Bf6 34.
Rf1 Bh4 35. b4 Nf6 36. bxc5 bxc5 37. Bf5 Ne4+ 38. Kd3 c4+ 39. Kc2 Nd6 40. Bh3
Rxe3 41. Bg4 Be4+ 42. Kd2 Rd3+ 43. Kc1 Nb5 44. Be6 Nxc3 45. Ng1 Nxa2+ 46. Kb2
Rd2+ 47. Ka3 Be7+ 48. Ka4 Bb4 49. Bxc4 Bc6+ 50. Kb3 a5 0-1

[Event "Sparkassen-Open A"]
[Site "Heusenstamm, Martinsee"]
[Date "2016.11.27"]
[Round "4.51"]
[White "Thomele, Michael"]
[Black "Weil, Volker"]
[Result "1/2-1/2"]
[WhiteElo "1928"]
[BlackElo "2071"]
[PlyCount "25"]
[EventDate "2016.??.??"]
[WhiteTeam "SC Obernau"]
[BlackTeam "SC Steinbach"]

1. e4 d6 2. d4 Nf6 3. Nc3 e5 4. Bg5 Be7 5. Bc4 Nbd7 6. Nge2 O-O 7. Qd2 c6 8. a4
Nb6 9. Ba2 Be6 10. O-O Bxa2 11. Rxa2 Nh5 12. Bxe7 Qxe7 13. a5 1/2-1/2

[Event "Sparkassen-Open A"]
[Site "Heusenstamm, Martinsee"]
[Date "2016.11.27"]
[Round "4.52"]
[White "Eichner, Christian"]
[Black "Modric, Vladimir"]
[Result "1/2-1/2"]
[WhiteElo "2067"]
[BlackElo "1928"]
[PlyCount "34"]
[EventDate "2016.??.??"]
[WhiteTeam "SV TuR Dresden"]
[BlackTeam "SC Nied"]

1. e4 c6 2. d4 d5 3. Nc3 dxe4 4. Nxe4 h6 5. Bc4 Bf5 6. Ng3 Bh7 7. Nf3 e6 8. a4
Nf6 9. Qe2 Bd6 10. Ne5 Qe7 11. O-O Nbd7 12. a5 a6 13. Re1 Nd5 14. Nxd7 Qxd7 15.
Qg4 O-O-O 16. Bxd5 exd5 17. Qxd7+ Kxd7 1/2-1/2

[Event "Sparkassen-Open A"]
[Site "Heusenstamm, Martinsee"]
[Date "2016.11.27"]
[Round "4.53"]
[White "Büse, Ralf"]
[Black "Kreiling, Carsten"]
[Result "1/2-1/2"]
[WhiteElo "1898"]
[BlackElo "2065"]
[PlyCount "27"]
[EventDate "2016.??.??"]
[WhiteTeam "SC Ladja Roßdorf"]
[BlackTeam "SVG Eppstein"]

1. d4 d5 2. Bf4 e6 3. e3 c5 4. c3 Nc6 5. Nf3 Nf6 6. Nbd2 Bd6 7. Bg3 O-O 8. Ne5
Qc7 9. f4 Ne4 10. Bd3 Nxd2 11. Qxd2 f6 12. Nxc6 bxc6 13. O-O Bd7 14. e4 1/2-1/2

[Event "Sparkassen-Open A"]
[Site "Heusenstamm, Martinsee"]
[Date "2016.11.27"]
[Round "4.54"]
[White "Jennewein, Norbert"]
[Black "Rolf, Marco"]
[Result "0-1"]
[WhiteElo "1877"]
[BlackElo "2055"]
[PlyCount "58"]
[EventDate "2016.??.??"]
[WhiteTeam "SC Fehrbach"]
[BlackTeam "SK Bad Homburg"]

1. d4 d5 2. Bf4 c5 3. e3 Nc6 4. c3 Nf6 5. Bd3 Qb6 6. Qb3 c4 7. Qxb6 axb6 8. Bc2
b5 9. Na3 Na7 10. Bd1 Bf5 11. Nf3 e6 12. Nc2 Bd3 13. Rc1 Nc6 14. a3 Nd7 15. Nb4
Nb6 16. Nxd3 cxd3 17. O-O Be7 18. Rb1 Nc4 19. Re1 O-O 20. e4 dxe4 21. Rxe4 Rfd8
22. Re1 Bf6 23. Bb3 h6 24. Bxc4 bxc4 25. Ne5 Bxe5 26. Bxe5 f6 27. Bg3 e5 28.
dxe5 fxe5 29. Bxe5 d2 0-1

[Event "Sparkassen-Open A"]
[Site "Heusenstamm, Martinsee"]
[Date "2016.11.27"]
[Round "4.55"]
[White "Cichy, Michael"]
[Black "Sauer, Bernd"]
[Result "1-0"]
[WhiteElo "2053"]
[BlackElo "1834"]
[PlyCount "109"]
[EventDate "2016.??.??"]
[WhiteTeam "SC BS Gliesmarode"]
[BlackTeam "SF Katernberg"]

1. d4 f5 2. Nf3 Nf6 3. g3 e6 4. Bg2 d5 5. O-O Bd6 6. c4 c6 7. b3 O-O 8. Ba3 Ne4
9. Bxd6 Qxd6 10. Nbd2 Nd7 11. Qc2 Ndf6 12. e3 Bd7 13. c5 Qc7 14. Ne5 Nxd2 15.
Qxd2 Ne4 16. Qc2 Be8 17. b4 Ng5 18. Rab1 Nf7 19. f4 Nxe5 20. dxe5 Rd8 21. Qc3
Bh5 22. Rb2 b6 23. Rc1 b5 24. a4 a6 25. Ra1 Ra8 26. Rba2 Qb7 27. axb5 axb5 28.
Kf2 Rxa2+ 29. Rxa2 Bd1 30. Qd4 Ba4 31. Bf3 Ra8 32. Qa1 Ra7 33. Bd1 Qc8 34. h3
Kf8 35. g4 g6 36. Kg3 Ke8 37. h4 Kd7 38. Bf3 Ke7 39. g5 Kf8 40. h5 Kg8 41. Qh1
Qf8 42. hxg6 hxg6 43. Rh2 Qg7 44. Rh6 Bc2 45. Bh5 Be4 46. Qh4 gxh5 47. Qxh5 Rf7
48. Rg6 Kf8 49. Rxg7 Rxg7 50. Qh6 d4 51. Qf6+ Rf7 52. Qh8+ Ke7 53. g6 Rf8 54.
Qh7+ Ke8 55. g7 1-0

[Event "Sparkassen-Open A"]
[Site "Heusenstamm, Martinsee"]
[Date "2016.11.27"]
[Round "4.56"]
[White "Held, Carsten"]
[Black "Lesny, Florian"]
[Result "1/2-1/2"]
[WhiteElo "2046"]
[BlackElo "1889"]
[PlyCount "33"]
[EventDate "2016.??.??"]
[WhiteTeam "SC Ladja Roßdorf"]
[BlackTeam "SK Niederbrechen"]

1. Nf3 c5 2. c4 Nc6 3. g3 g6 4. Nc3 Bg7 5. Bg2 e6 6. d3 Nge7 7. O-O O-O 8. Bg5
h6 9. Bd2 b6 10. a3 Bb7 11. Qc1 Kh7 12. b4 cxb4 13. axb4 d5 14. Ra4 dxc4 15.
dxc4 Nf5 16. b5 Na5 17. Qc2 1/2-1/2

[Event "Sparkassen-Open A"]
[Site "Heusenstamm, Martinsee"]
[Date "2016.11.27"]
[Round "4.57"]
[White "Jordake, Michael"]
[Black "Waffenschmidt, Joachim"]
[Result "1-0"]
[WhiteElo "1802"]
[BlackElo "2039"]
[PlyCount "89"]
[EventDate "2016.??.??"]
[WhiteTeam "SC Bergen-Enkheim"]
[BlackTeam "SC Brett vorm Kopp"]

1. Nc3 d5 2. e4 e6 3. Nf3 Nf6 4. e5 Nfd7 5. d4 c5 6. dxc5 Bxc5 7. Bd3 Nc6 8.
Bf4 a6 9. O-O b5 10. Ne2 Qc7 11. Ng3 h5 12. Re1 Bb7 13. Nf1 Rc8 14. a3 Be7 15.
h4 Nc5 16. Rc1 Na4 17. b4 Qb6 18. Be3 Qd8 19. Bg5 Kf8 20. Qd2 g6 21. Bxe7+ Qxe7
22. Qf4 Kg7 23. Ng3 Nb2 24. Bf1 Nc4 25. Bxc4 bxc4 26. c3 Rc7 27. Rcd1 Na7 28.
a4 Bc6 29. Ra1 Rb8 30. Nd4 Rh8 31. Nf3 Qe8 32. Qf6+ Kg8 33. Ng5 Qe7 34. Reb1
Qxf6 35. exf6 Rc8 36. Ne2 e5 37. Re1 Re8 38. f4 e4 39. Nd4 Bd7 40. b5 axb5 41.
axb5 Nxb5 42. Ra7 Rd8 43. Nxb5 Bxb5 44. Rxf7 Be8 45. Rg7+ 1-0